L'être social / (Record no. 155161)

MARC details
000 -LEADER
campo de control de longitud fija 00486nam a22001575i 4500
001 - NÚMERO DE CONTROL
campo de control 155161
003 - IDENTIFICADOR DE NÚMERO DE CONTROL
campo de control ES-MaACL
005 - FECHA Y HORA DE LA ÚLTIMA TRANSACCIÓN
campo de control 20230906205959.0
008 - DATOS DE LONGITUD FIJA--INFORMACIÓN GENERAL
campo de control de longitud fija 040726s1881 fr |||| | fre d
040 ## - FUENTE DE CATALOGACIÓN
Centro catalogador/agencia de origen CAM
Lengua de catalogación spa
Centro/agencia transcriptor CAM
100 1# - ENTRADA PRINCIPAL--NOMBRE DE PERSONA
Nombre de persona Hayem, Armand.
9 (RLIN) 127823
245 12 - MENCIÓN DEL TÍTULO
Título L'être social /
Mención de responsabilidad, etc. par Armand Hayem.
260 ## - PUBLICACIÓN, DISTRIBUCIÓN, ETC.
Lugar de publicación, distribución, etc. Paris :
Nombre del editor, distribuidor, etc. librairie Germer Baillière et Cie.,
Fecha de publicación, distribución, etc. 1881 (
Lugar de fabricación/manufactura Évreux :
Fabricante Ch. Hérissey)
300 ## - DESCRIPCIÓN FÍSICA
Extensión XIV, 214 p. ;
Dimensiones 19 cm.
852 ## - LOCALIZACIÓN
Ubicación ES-MaACL
Número de control de estantería D-4681
Nota libre -- Rúst.
Holdings
Estatus retirado Estado de pérdida Estado de daño No para préstamo Colección Biblioteca de origen Biblioteca actual Ubicación en estantería Fecha de adquisición Fuente de adquisición Total de préstamos Signatura topográfica completa Código de barras Visto por última vez Precio de reemplazo Tipo de ítem Koha
        Libros del s. XIX Biblioteca del Ateneo de Madrid Biblioteca del Ateneo de Madrid Sala Valle Inclán 17/01/2008     D-4681 901162307 23/02/2023 23/02/2023 Libro impreso antiguo